| 000 | 005200000a22001690004500 | ||
|---|---|---|---|
| 090 |
_aAR _b03913 |
||
| 245 | 1 | 0 | _aEcosystems of the Eastem Andes Mountain Range in Colombia |
| 500 | _a<Contribución Humboldt> | ||
| 650 | 1 | 4 |
_aMapas de ecosistemas _997741 |
| 650 | 1 | 4 |
_aGeografía _992259 |
| 651 | 4 |
_lCordillera de los Andes _pColombia _992749 |
|
| 700 | 1 |
_aFranco, Carol _95274 |
|
| 700 | 1 |
_aVillarreal, Héctor _94790 |
|
| 100 | 1 |
_aArmenteras, Dolors _92694 |
|
| 942 | _cARTICULO | ||
| 773 | 1 |
_tESRI Map Book _q28 _d2001 _g16 |
|
| 999 |
_c12948 _d12948 |
||